Statistics for East Devon AONB Cities >500 Population 2021

Click here to take the quiz!

General Stats

  • This quiz has been taken 7 times
  • The average score is 3 of 8

Answer Stats

Pop.Settlement% Correct
5,240Budleigh Salterton
100%
1,283Beer
71%
1,918Newton Poppleford
57%
674Otterton
57%
704East Budleigh
43%
1,052Uplyme
14%
925Kilmington
0%
561Musbury
0%

Score Distribution

Percentile by Number Answered

Percent of People with Each Score

Your Score History

You have not taken this quiz